01529nam a2200349 a 4500001001000000003000500010005001700015008004100032010001100073011001100084040000900095090001000104100004400114245016400158260004100322500006000363502011700423590004100540590004000581590004000621650003400661650003400695650002700729650004500756856007000801901000700871942001000878942000600888999001900894952013100913952013501044000116297CHAP20220329144609.0191022s1981 mx a |sm |||||||spa d a112758 a113730 cCHAP aTesis1 aCoutiño Arrazola, Jorge Luis.913712110aUtilización de la cáscara de cacao en sustitución de sorgo para suplementación de bovinos en pastoreoh[En línea]cpor Jorge Luis Coutiño Arrazola. aChapingo, Méx. :bEl autor,c1981. aPara ver el contenido del material haga clic en la liga aTesis (Ing. Agr. Esp. en Zootecnia) -- UACH. Departamento de Enseñanza, Ivestigación y Servicio en Zootecnia aBATCH-UPDb05c20191022lUCH01h1219 aE6339RRRb05c20191022lUCH01h1218 aE6339RRRb05c20191022lUCH01h122014aBecerrosxCrecimiento.91117714aBecerrosxNutrición.91118414aBecerrosxPeso.91118714aGanado HolsteinxAlimentación.9130391 aFinding aiduhttp://10.13.5.2/tesis/sist116297.pdfzTeclea aquí aBK cTESIS n0 c112758d112758 00104054718TESISaBCbBCd2019-10-22fTESISl0oTesisp116309-10r2019-12-31 00:00:00w2019-12-31yTESISzRecien adquirido 00102local4053708TESISaBCbBCcPA_TESISd2019-10-22fTESISl0oTesisp116309-20r2019-12-31 00:00:00tc.2w2019-12-31yTESIS